History: What Came First? #3 - Statistics

General Stats
  • This quiz has been taken 1,605 times
    1,466 since last reset
  • The average score is 12 of 18
Answer Stats
Question Answer % Correct
The Russian Revolution or The French Revolution The French Revolution
92%
Elvis Presley or The Beatles? Elvis Presley
90%
Albert Einstein or Nicola Tesla? Nicola Tesla
85%
Japan's Invasion of Manchuria (China) or Nazi Germany's Invasion of Poland? Japan's Invasion of Manchuria
81%
The Empire Strikes Back or Back to the Future Part 1? The Empire Strikes Back
81%
Joan of Arc or Boudica Boudica
69%
Rugby Union or Cricket? Cricket
69%
Jane Austen or Oscar Wilde? Jane Austen
68%
The Ottoman Empire or the Spanish Empire? Ottoman Empire
67%
Ancient Egypt or Phoenicia? Ancient Egypt
66%
Oxford University or Machu Picchu Oxford University
63%
Galileo or Copernicus? Copernicus
61%
Hinduism or Judaism? Hinduism
59%
Indonesia or Fiji? Indonesia
59%
The War of the Roses or The Hundred Years' War? The Hundred Years' War
58%
The Eiffel Tower or The London Underground? The London Underground
57%
The Colosseum or The Great Wall of China? The Great Wall of China
49%
Lightbulbs or Telephones? Telephone
23%
No matching quizzes found
Score Distribution
Percent of People with Each Score
Percentile by Number Answered
Your Score History
You have not taken this quiz since the last reset